Introducción a la teoria de la educación / (Registro nro. 34505)

Detalles MARC
000 -LEADER
fixed length control field 01272nam a2200325 4500
001 - CONTROL NUMBER
control field 0000016144
003 - CONTROL NUMBER IDENTIFIER
control field CO-CtgCURN
005 - DATE AND TIME OF LATEST TRANSACTION
control field 20250429224005.0
007 - PHYSICAL DESCRIPTION FIXED FIELD--GENERAL INFORMATION
fixed length control field ta
008 - FIXED-LENGTH DATA ELEMENTS--GENERAL INFORMATION
fixed length control field 160627s1990 000 0 eng d
020 ## - INTERNATIONAL STANDARD BOOK NUMBER
International Standard Book Number 9682432367
040 ## - CATALOGING SOURCE
Original cataloging agency CO-CtgCURN
Language of cataloging spa
Transcribing agency coctgcurn
082 0# - DEWEY DECIMAL CLASSIFICATION NUMBER
Classification number 370.1
Item number G83i
100 1# - MAIN ENTRY--PERSONAL NAME
Personal name Guevara Niebla, Gilberto.
245 10 - TITLE STATEMENT
Title Introducción a la teoria de la educación /
Statement of responsibility, etc. Giberto Guevara Niebla , Patricia de Leonardo.
260 ## - PUBLICATION, DISTRIBUTION, ETC.
Place of publication, distribution, etc. Mexico :
Name of publisher, distributor, etc. Editorial Trillas,
Date of publication, distribution, etc. 1990.
300 ## - PHYSICAL DESCRIPTION
Extent 78 p.
336 ## - CONTENT TYPE
Source rdacontent
337 ## - MEDIA TYPE
Source rdamedia
Media type term sin mediacion
Media type code n
338 ## - CARRIER TYPE
Source rdacarrier
Carrier type term volumen
Carrier type code nc
490 1# - SERIES STATEMENT
Series statement Colección Biblioteca Universitaria Basica
500 ## - GENERAL NOTE
General note Incluye indice.
504 ## - BIBLIOGRAPHY, ETC. NOTE
Bibliography, etc. note Bibliografia (p. 78)
505 8# - FORMATTED CONTENTS NOTE
Formatted contents note Sistemas educativos.--Ciencias de la educación.--Educación en la historia.--Pensamiento educativo.--Mexico sistema educativo.--Educación socialista.--Educación universitaria.--Educación escolastica.--Tecnología educativa.--Cibernetica y educación.--Teoria de la educación
650 14 - SUBJECT ADDED ENTRY--TOPICAL TERM
Topical term or geographic name entry element Educación
Form subdivision Filosofia.
700 1# - ADDED ENTRY--PERSONAL NAME
Personal name Leonardo, Patricia.
908 ## - PUT COMMAND PARAMETER (RLIN)
Put command parameter 160627
942 ## - ADDED ENTRY ELEMENTS (KOHA)
Koha item type Libros
Classification part 370.1
Item part G83i
Source of classification or shelving scheme Dewey Decimal Classification
Existencias
Withdrawn status Lost status Source of classification or shelving scheme Damaged status Not for loan Collection Home library Current library Shelving location Date acquired Inventory number Total checkouts Full call number Barcode Date last seen Price effective from Koha item type Public note
    Dewey Decimal Classification     General Miguel Henríquez Castañeda Miguel Henríquez Castañeda General 04/29/2025 006472   370.1 G83i 006472 04/29/2025 04/29/2025 Libros 370-EDUCAC